On the economic theory of socialism / (Record no. 3479)
[ view plain ]
| 000 -LEADER | |
|---|---|
| fixed length control field | 01237cam a22003251a 4500 |
| 001 - CONTROL NUMBER | |
| control field | 3479 |
| 003 - CONTROL NUMBER IDENTIFIER | |
| rucl marc code | BD-RjUL |
| 005 - DATE AND TIME OF LATEST TRANSACTION | |
| control field | 20211208233734.0 |
| 008 - FIXED-LENGTH DATA ELEMENTS--GENERAL INFORMATION | |
| fixed length control field | 131219s19791938mnu 000 0 eng |
| 035 ## - SYSTEM CONTROL NUMBER | |
| System control number | (BD-RjUL)3513 |
| System control number | (OCoLC)1116700 |
| 040 ## - CATALOGING SOURCE | |
| Original cataloging agency | DLC |
| Transcribing agency | OAU |
| Modifying agency | CU-S |
| -- | DLC |
| Language of cataloging | eng |
| 041 ## - LANGUAGE CODE | |
| Language code of text/sound track or separate title | eng |
| 082 00 - DEWEY DECIMAL CLASSIFICATION NUMBER | |
| Classification number | 335 |
| Edition number | 16 |
| Author mark and year | LAO 1979 |
| 100 1# - MAIN ENTRY--PERSONAL NAME | |
| Personal name | Lange, Oskar, |
| Dates associated with a name | 1904-1965. |
| 9 (RLIN) | 10951 |
| 245 10 - TITLE STATEMENT | |
| Title | On the economic theory of socialism / |
| Statement of responsibility, etc. | Oskar Lange and Fred M. Taylor ; Benjamin E. Lippincott, editor. |
| 260 ## - PUBLICATION, DISTRIBUTION, ETC. (IMPRINT) | |
| Place of publication, distribution, etc. | Minneapolis, Minn. : |
| Name of publisher, distributor, etc. | University of Minnesota Press, |
| Date of publication, distribution, etc. | 1938. |
| 300 ## - PHYSICAL DESCRIPTION | |
| Pagination | vii, 143 p. ; |
| Size | 20 cm. |
| 504 ## - BIBLIOGRAPHY, ETC. NOTE | |
| Bibliography, etc | Bibliography: p. 142-143. |
| 505 0# - FORMATTED CONTENTS NOTE | |
| Formatted contents note | Introduction / by Benjamin E. Lippincott -- The guidance of production in a socialist state / by Fred M. Taylor -- On the economic theory of socialism / by Oskar Lange. |
| 526 ## - STUDY PROGRAM INFORMATION NOTE | |
| Requested Dept. | Economics |
| 650 #0 - SUBJECT ADDED ENTRY--TOPICAL TERM | |
| Topical term or geographic name as entry element | Marxian economics. |
| 9 (RLIN) | 6707 |
| Topical term or geographic name as entry element | Socialism. |
| 9 (RLIN) | 10953 |
| 700 1# - ADDED ENTRY--PERSONAL NAME | |
| Personal name | Lippincott, Benjamin E. |
| Fuller form of name | (Benjamin Evans), |
| Dates associated with a name | 1902- |
| Personal name | Taylor, F. M. |
| Fuller form of name | (Fred Manville), |
| Dates associated with a name | 1855-1932. |
| 942 ## - ADDED ENTRY ELEMENTS (KOHA) | |
| Source of classification or shelving scheme | Dewey Decimal Classification |
| Koha item type | Books |
| Lost status | Source of classification or shelving scheme | Damaged status | Not for loan | Collection code | Permanent Location | Current Location | Shelving location | Date acquired | Source of acquisition | Cost, normal purchase price | Total Checkouts | Full call number | Date last seen | Copy number | Koha item type |
|---|---|---|---|---|---|---|---|---|---|---|---|---|---|---|---|
| Dewey Decimal Classification | Non-fiction | Central Library, University of Rajshahi | Central Library, University of Rajshahi | 28/07/1982 | ALIGOR LIB. | 31.50 | 335 LAO 1979 | 19/12/2013 | C-2 | Books |